Ubicacion por metodos cortos de la estapa de alimentacion en destilacion multicomponente / Imelda Hern ndez Abundez (Registro nro. 17083)
[ vista simple ]
| 000 -LÍDER | |
|---|---|
| fixed length control field | 00557nam a2200133 4500 |
| 008 - ELEMENTOS DE LONGITUD FIJA -- INFORMACIÓN GENERAL | |
| fixed length control field | 0 2002 0a 000 0MEX |
| 050 ## - SIGNATURA TOPOGRAFICA DE LA BIBLIOTECA DEL CONGRESO (LC) | |
| Número de Clasificación | TP155 M6 H4 2002 |
| 082 ## - NUMERO DE CLASIFICACION DECIMAL DEWEY | |
| Número de Clasificación | 660.284.25 H4u |
| 100 ## - ASIENTO PRINCIPAL--NOMBRE PERSONAL | |
| Nombre personal | Hern ndez Abundez, Imelda |
| 245 ## - TÍTULO | |
| Título | Ubicacion por metodos cortos de la estapa de alimentacion en destilacion multicomponente / Imelda Hern ndez Abundez |
| 300 ## - DESCRIPCIÓN FÍSICA | |
| Extensión | 44 p. / 29 cm. |
| 502 ## - NOTA DE TESIS | |
| Nota de tesis | Monografía. Opción v. I.T.Z. ( Quimica ) M.C. Jorge Rosales P‚rez |
| 650 ## - ASIENTO SECUNDARIO DE MATERIA - TERMINO TEMÁTICO | |
| Término temático o nombre geográfico como elemento de entrada | 1.DESTILACION MULTICOMPONENTE \ 2.EQUILIBRIO HOMOGENEO Y HETEROGENEO |
| No. biblioteca | No. biblioteca | Número de clasificación | Código de barras/Número de adquisición | Número de copia | Tipo de material |
|---|---|---|---|---|---|
| LUIS G. INCLAN | LUIS G. INCLAN | 660.284.25 H4u | Q138-2002 | 1 | Libros |
